Main Series Kirby Games - Statistics

General Stats
  • This quiz has been taken 153 times
    85 since last reset
  • The average score is 14 of 17
Answer Stats
Release Year Console Kirby Game % Correct
2002 GBA Kirby: Nightmare In Dream Land
94%
1993 NES Kirby’s Adventure
93%
1992 GB Kirby’s Dream Land
93%
2000 N64 Kirby 64: The Crystal Shards
92%
2022 Switch Kirby And The Forgotten Land
92%
2023 Switch Kirby's Return To Dream Land Deluxe
92%
1995 GB Kirby’s Dream Land 2
89%
2018 Switch Kirby: Star Allies
88%
1997 SNES Kirby’s Dream Land 3
86%
1996 SNES Kirby Super Star
86%
2008 DS Kirby Super Star Ultra
86%
2011 Wii Kirby’s Return To Dream Land
85%
2016 3DS Kirby: Planet Robobot
83%
2014 3DS Kirby: Triple Deluxe
83%
2004 GBA Kirby And The Amazing Mirror
78%
2006 DS Kirby Squeak Squad
76%
2012 Wii Kirby's Dream Collection Special Edition
49%
No matching quizzes found
Score Distribution
Percent of People with Each Score
Percentile by Number Answered
Your Score History
You have not taken this quiz since the last reset